000 00806nam a2200253Ia 4500
001 dia_3085
003 CHAP
005 20230330101322.0
008 220117s1999 xx 000 0 und d
010 _a173585
040 _cCHAP
082 _aC 338.1 V35 1999
100 _aValle Guadarrama, Salvador
_9117597
245 _aInforme general de actividades de la administración departamental (Julio de 1996 a Junio de 1999) /
_c Salvador Valle Guadarrama
260 _aMéxico :
_b UACh,
_c1999
300 _aPag. var.
503 _aD
650 _aInformes administrativos
_9149710
650 _aInformes
_xOrganización y administración
_9149711
901 _aC 338.1 V35 1999
902 _aM
905 _a0000001999 MX n 0000000000SPA00
942 _cLIBRO
_2ddc
999 _c173585
_d173585